1984 NFL Standings - Statistics

General Stats
  • This quiz has been taken 15 times
  • The average score is 21 of 28
Answer Stats
Rank (seed) Record NFL Team % Correct
NFC Central Champ (3) 10-6 Chicago Bears
86%
NFC (7) Missed Playoffs 9-7 Dallas Cowboys
86%
AFC West Champ (2) 13-3 Denver Broncos
86%
AFC (12) Missed Playoffs 4-12 Indianapolis Colts
86%
AFC (7) Missed Playoffs 8-8 Kansas City Chiefs
86%
NFC Wild Card (4) 10-6 Los Angeles Rams
86%
AFC East Champ (1) 14-2 Miami Dolphins
86%
AFC (9) Missed Playoffs 7-9 New York Jets
86%
AFC Central Champ (3) 9-7 Pittsburgh Steelers
86%
NFC West Champ (1) 15-1 San Francisco 49ers
86%
NFC (6) Missed Playoffs 9-7 St. Louis Cardinals
86%
NFC East Champ (2) 11-5 Washington Redskins
86%
AFC (8) Missed Playoffs 8-8 Cincinnati Bengals
71%
AFC (11) Missed Playoffs 5-11 Cleveland Browns
71%
NFC (12) Missed Playoffs 4-11-1 Detroit Lions
71%
NFC (8) Missed Playoffs 8-8 Green Bay Packers
71%
AFC (13) Missed Playoffs 3-13 Houston Oilers
71%
AFC Wild Card (5) 11-5 Los Angeles Raiders
71%
NFC (14) Missed Playoffs 3-13 Minnesota Vikings
71%
AFC (6) Missed Playoffs 9-7 New England Patriots
71%
NFC Wild Card (5) 9-7 New York Giants
71%
NFC (10) Missed Playoffs 6-9-1 Philadelphia Eagles
71%
AFC (10) Missed Playoffs 7-9 San Diego Chargers
71%
AFC Wild Card (4) 12-4 Seattle Seahawks
71%
NFC (13) Missed Playoffs 4-12 Atlanta Falcons
57%
AFC (14) Missed Playoffs 2-14 Buffalo Bills
57%
NFC (11) Missed Playoffs 6-10 Tampa Bay Buccaneers
57%
NFC (9) Missed Playoffs 7-9 New Orleans Saints
43%
No matching quizzes found
Score Distribution
Percent of People with Each Score
Percentile by Number Answered
Your Score History
You have not taken this quiz